Animes les plus connus - Statistiques

Statistiques générales
  • Ce quiz a été pris 3 926 fois
  • Le résultat moyen est 20 sur 40
Statistiques - réponses
HInt Réponse % Correct
Ninja Naruto
99%
Pirate One piece
99%
Saiyan Dragon ball
93%
Cahier Death note
78%
Pourfendeur Demon slayer
78%
Guilde Fairy tail
77%
Professeur Assassination classroom
75%
Heros My hero academia
74%
Volley Haikyu
70%
Examen Hunter x hunter
68%
Shinigami Bleach
65%
Viking Vinland saga
64%
Science Dr.stone
60%
Cuisine Food wars
59%
Virtuel Sword art online
58%
Orphelinat The promised Neverland
57%
Freres Fullmetal alchemist
56%
Orelsan One punch man
53%
Feu Fire force
52%
Basket Kuroko no basket
51%
Cafe Tokyo ghoul
51%
Onizuka GTO
50%
Exorciste Jujutsu kaisen
49%
Violon Your lie in April
49%
Trefle Black clover
46%
Satan Blue exorcist
46%
Boxe Hajime no Ippo
38%
Stand Jojo's Bizarre Adventure
37%
Commandements Seven deadly sins
37%
Britannia Code geass
34%
Mecha Neon genesis evangelion
33%
Apocalypse L'attaque des titans
22%
Ames Soul eater
18%
Manga Bakuman
16%
Micro-onde Steins gate
14%
Bagdad Magi
13%
Dieu Noragami
9%
Police Psycho pass
8%
Mecha Gurren lagann
6%
Assassin Akame ga kill
5%
Aucun quiz correspondant
Distribution des résultats
% des personnes avec chaque résultat
Percentile par nombre de réponses
Votre historique - résultats
Vous n’avez pas pris ce quiz